• 首页
  • 本馆介绍
  • 公告通知
  • 最新文献
  • 馆藏检索
  • 电子资源
  • 读者导购
  • 参考咨询
  • 我的图书馆
  • 登录
  • 详细信息显示
  • 放入我的书架
  • 预约/预借图书
  • 作者相关作品
  • 分类相关作品
  • 丛书相关作品
  • 出版社相关作品

书目信息

  • 表格格式
  • 工作单格式
  • 卡片格式
题名:
大数据时代的教育
    
 
作者: 于永昌, , 刘宇 , 王冠乔 著
分册:  
出版信息: 北京   北京师范大学出版社  2015
页数: 340页
开本: 21cm
丛书名:
单 册:
中图分类: G40-03
科图分类:
主题词: 互联网络--hu lian wang luo--应用--教育研究
电子资源:
ISBN: 978-7-303-19914-3
000 00983nam0 2200289 450
001 012001003883
005 20131027113941.0
010    @a978-7-303-19914-3@dCNY40.00
099    @aCAL 012016012730
100    @a20151216d2015 em y0chiy50 ea
101 0  @achi
102    @aCN@b110000
105    @aa a 000yy
106    @ar
200 1  @a大数据时代的教育@Ada shu ju shi dai de jiao yu@d= Big data education@f于永昌, 刘宇, 王冠乔著@zeng
210    @a北京@c北京师范大学出版社@d2015
215    @a340页@c图@d21cm
320    @a有书目 (第337-340页)
330    @a本书遵循大数据时代的教育是何、为何、如何、何人、何时、何处等基本要素及其整体最优化的原理做出阐述。
510 1  @aBig data education@zeng
606 0  @a互联网络@Ahu lian wang luo@x应用@x教育研究
690    @aG40-03@v5
701  0 @a于永昌,@Ayu yong chang@f1956-@4著
701  0 @a刘宇@Aliu yu@4著
701  0 @a王冠乔@Awang guan qiao@4著
801  2 @aCN@b江苏凤凰@c20191020
905    @b1227833-6@dG40-03@e1015@f4
    
    大数据时代的教育= Big data education/于永昌, 刘宇, 王冠乔著.-北京:北京师范大学出版社,2015
    340页:图;21cm
    
    
    ISBN 978-7-303-19914-3:CNY40.00
    本书遵循大数据时代的教育是何、为何、如何、何人、何时、何处等基本要素及其整体最优化的原理做出阐述。
●
相关链接 在E读中查询图书 在五车中查询图书 在当当中查询图书 在豆瓣中查询图书


正题名:大数据时代的教育     索取号:G40-03/1015         预约/预借

序号 登录号 条形码 馆藏地/架位号 状态 备注
1 1227833   212278337   第一样本阅览室/ [索取号:G40-03/1015] 在馆    
2 1227834   212278346   教育系资料室/ [索取号:G40-03/1015] 在馆    
3 1227835   212278355   教育系资料室/ [索取号:G40-03/1015] 在馆    
4 1227836   212278364   第四借阅区/ [索取号:G40-03/1015] 在馆    
唐山师范学院图书馆 欢迎您!
大连网信软件有限公司© 版权所有